Načítá se...

Explorations in seamless morphology /

Podrobná bibliografie
Hlavní autor: Rajendra Singh(Editor) Starosta,Stanley(Editor)
Médium: Printed Book
Vydáno: New Delhi ; Thousand Oaks, Calif. : Sage Publications, 2003.
Témata:
LEADER 00595cam a2200157 a 4500
020 |a 0761995943 (U.S. : hb) 
020 |a 8178292238 (India : hb) 
082 0 0 |a 415  |b EXP 
100 |a Rajendra Singh(Editor)  |a Starosta,Stanley(Editor) 
245 0 0 |a Explorations in seamless morphology / 
260 |a New Delhi ;  |a Thousand Oaks, Calif. :  |b Sage Publications,  |c 2003. 
300 |a 351 p. : 
650 0 |a Grammar, Comparative and general 
942 |c BK 
999 |c 99089  |d 99089 
952 |0 0  |1 0  |4 0  |6 415_000000000000000_EXP  |7 0  |9 92311  |a SSS  |b SSS  |c GEN  |d 2012-01-25  |g 580.00  |l 0  |o 415 EXP  |p SSS04352  |r 2012-01-25  |w 2012-01-25  |y BK